Statistics for Советские фильмы о разведчиках и шпионах

Click here to take the quiz!

General Stats

  • This quiz has been taken 10 times
  • The average score is 6 of 16

Answer Stats

Answer% Correct
Семнадцать мгновений весны
86%
ТАСС уполномочен заявить...
57%
Щит и меч
57%
Свой среди чужих, чужой среди своих
57%
Адъютант его превосходительства
43%
Ошибка резидента
43%
Тегеран-43
43%
Мёртвый сезон
29%
Судьба резидента
29%
Возвращение резидента
29%
Конец операции "Резидент"
29%
Транссибирский экспресс
29%
Подвиг разведчика
29%
Вариант "Омега"
14%
Майор "Вихрь"
14%
Земля, до востребования
14%

Score Distribution

Percentile by Number Answered

Percent of People with Each Score

Your Score History

You have not taken this quiz